<?xml version="1.0" encoding="UTF-8"?>
<record
    xmlns:xsi="http://www.w3.org/2001/XMLSchema-instance"
    xsi:schemaLocation="http://www.loc.gov/MARC21/slim http://www.loc.gov/standards/marcxml/schema/MARC21slim.xsd"
    xmlns="http://www.loc.gov/MARC21/slim">

  <leader>01976nam0a2200385   4500</leader>
  <controlfield tag="001">RU\NLR\bibl\1261011</controlfield>
  <controlfield tag="005">20250615131216.0</controlfield>
  <datafield tag="010" ind1=" " ind2=" ">
    <subfield code="a">978-5-386-00541-2</subfield>
    <subfield code="b">&#x420;&#x438;&#x43F;&#x43E;&#x43B; &#x43A;&#x43B;&#x430;&#x441;&#x441;&#x438;&#x43A;</subfield>
  </datafield>
  <datafield tag="010" ind1=" " ind2=" ">
    <subfield code="a">978-5-91213-062-5</subfield>
    <subfield code="b">&#x414;&#x43E;&#x43C;. XXI &#x432;&#x435;&#x43A;</subfield>
    <subfield code="9">7000</subfield>
  </datafield>
  <datafield tag="021" ind1=" " ind2=" ">
    <subfield code="a">RU</subfield>
    <subfield code="b">2008-48004</subfield>
    <subfield code="9">2652</subfield>
  </datafield>
  <datafield tag="035" ind1=" " ind2=" ">
    <subfield code="a">(NLR Aleph) 001247004</subfield>
  </datafield>
  <datafield tag="090" ind1=" " ind2=" ">
    <subfield code="a">294928</subfield>
    <subfield code="c">294928</subfield>
  </datafield>
  <datafield tag="100" ind1=" " ind2=" ">
    <subfield code="a">20080812d2008    |||y0rusy50      ca</subfield>
  </datafield>
  <datafield tag="101" ind1="0" ind2=" ">
    <subfield code="a">rus</subfield>
  </datafield>
  <datafield tag="102" ind1=" " ind2=" ">
    <subfield code="a">RU</subfield>
  </datafield>
  <datafield tag="105" ind1=" " ind2=" ">
    <subfield code="a">a   |||||||||</subfield>
  </datafield>
  <datafield tag="200" ind1="1" ind2=" ">
    <subfield code="a">&#x411;&#x438;&#x441;&#x435;&#x440; &#x434;&#x43B;&#x44F; &#x43C;&#x430;&#x43B;&#x435;&#x43D;&#x44C;&#x43A;&#x438;&#x445; &#x443;&#x43C;&#x43D;&#x438;&#x446;</subfield>
    <subfield code="e">100 &#x440;&#x430;&#x437;&#x432;&#x438;&#x432;&#x430;&#x44E;&#x449;&#x438;&#x445; &#x443;&#x440;&#x43E;&#x43A;&#x43E;&#x432;</subfield>
    <subfield code="f">&#x415;. &#x41D;&#x438;&#x43A;&#x438;&#x444;&#x43E;&#x440;&#x43E;&#x432;&#x430;, &#x415;. &#x421;&#x430;&#x43B;&#x44C;&#x43A;&#x43E;&#x432;&#x430;</subfield>
  </datafield>
  <datafield tag="210" ind1=" " ind2=" ">
    <subfield code="a">&#x41C;&#x43E;&#x441;&#x43A;&#x432;&#x430;</subfield>
    <subfield code="c">&#x420;&#x438;&#x43F;&#x43E;&#x43B; &#x43A;&#x43B;&#x430;&#x441;&#x441;&#x438;&#x43A;</subfield>
    <subfield code="c">&#x414;&#x43E;&#x43C;. XXI &#x432;&#x435;&#x43A;</subfield>
    <subfield code="d">2008</subfield>
  </datafield>
  <datafield tag="215" ind1=" " ind2=" ">
    <subfield code="a">190, [1] &#x441;., [4] &#x43B;. &#x446;&#x432;. &#x438;&#x43B;.</subfield>
    <subfield code="c">&#x438;&#x43B;.</subfield>
    <subfield code="d">21</subfield>
  </datafield>
  <datafield tag="225" ind1="1" ind2=" ">
    <subfield code="a">&#x410;&#x437;&#x431;&#x443;&#x43A;&#x430; &#x440;&#x430;&#x437;&#x432;&#x438;&#x442;&#x438;&#x44F;</subfield>
  </datafield>
  <datafield tag="300" ind1=" " ind2=" ">
    <subfield code="a">&#x41D;&#x430; &#x43E;&#x431;&#x43B;.: &#x411;&#x438;&#x441;&#x435;&#x440;: &#x444;&#x435;&#x43D;&#x435;&#x447;&#x43A;&#x438;, &#x443;&#x43A;&#x440;&#x430;&#x448;&#x435;&#x43D;&#x438;&#x44F; &#x438; &#x43F;&#x43E;&#x434;&#x430;&#x440;&#x43A;&#x438;</subfield>
  </datafield>
  <datafield tag="300" ind1=" " ind2=" ">
    <subfield code="a">&#x41A;&#x43D;. &#x432;&#x44B;&#x448;&#x43B;&#x430; &#x442;&#x430;&#x43A;&#x436;&#x435; &#x43F;&#x43E;&#x434; &#x43D;&#x430;&#x437;&#x432;.: &#x411;&#x438;&#x441;&#x435;&#x440;: &#x444;&#x435;&#x43D;&#x435;&#x447;&#x43A;&#x438;, &#x43C;&#x43E;&#x434;&#x43D;&#x44B;&#x435; &#x443;&#x43A;&#x440;&#x430;&#x448;&#x435;&#x43D;&#x438;&#x44F;, &#x43F;&#x43E;&#x434;&#x430;&#x440;&#x43A;&#x438;</subfield>
  </datafield>
  <datafield tag="451" ind1=" " ind2="0">
    <subfield code="1">2001#$a&#x411;&#x438;&#x441;&#x435;&#x440;$e&#x444;&#x435;&#x43D;&#x435;&#x447;&#x43A;&#x438;, &#x43C;&#x43E;&#x434;&#x43D;&#x44B;&#x435; &#x443;&#x43A;&#x440;&#x430;&#x448;&#x435;&#x43D;&#x438;&#x44F;, &#x43F;&#x43E;&#x434;&#x430;&#x440;&#x43A;&#x438;</subfield>
    <subfield code="1">700#1$a&#x41D;&#x438;&#x43A;&#x438;&#x444;&#x43E;&#x440;&#x43E;&#x432;&#x430;$b&#x415;. &#x410;.$g&#x415;&#x43B;&#x435;&#x43D;&#x430; &#x410;&#x43D;&#x430;&#x442;&#x43E;&#x43B;&#x44C;&#x435;&#x432;&#x43D;&#x430;$4070</subfield>
    <subfield code="1">701#1$a&#x421;&#x430;&#x43B;&#x44C;&#x43A;&#x43E;&#x432;&#x430;$b&#x415;. &#x411;.$g&#x415;&#x43A;&#x430;&#x442;&#x435;&#x440;&#x438;&#x43D;&#x430; &#x411;&#x43E;&#x440;&#x438;&#x441;&#x43E;&#x432;&#x43D;&#x430;$4070</subfield>
    <subfield code="t">&#x411;&#x438;&#x441;&#x435;&#x440;</subfield>
    <subfield code="a">&#x41D;&#x438;&#x43A;&#x438;&#x444;&#x43E;&#x440;&#x43E;&#x432;&#x430;, &#x415;&#x43B;&#x435;&#x43D;&#x430; &#x410;&#x43D;&#x430;&#x442;&#x43E;&#x43B;&#x44C;&#x435;&#x432;&#x43D;&#x430;</subfield>
  </datafield>
  <datafield tag="512" ind1="1" ind2=" ">
    <subfield code="6">z45790</subfield>
    <subfield code="a">&#x411;&#x438;&#x441;&#x435;&#x440;</subfield>
    <subfield code="e">&#x444;&#x435;&#x43D;&#x435;&#x447;&#x43A;&#x438;, &#x443;&#x43A;&#x440;&#x430;&#x448;&#x435;&#x43D;&#x438;&#x44F; &#x438; &#x43F;&#x43E;&#x434;&#x430;&#x440;&#x43A;&#x438;</subfield>
  </datafield>
  <datafield tag="686" ind1=" " ind2=" ">
    <subfield code="a">&#x428;9</subfield>
    <subfield code="b">&#x41D;99</subfield>
  </datafield>
  <datafield tag="700" ind1=" " ind2="1">
    <subfield code="a">&#x41D;&#x438;&#x43A;&#x438;&#x444;&#x43E;&#x440;&#x43E;&#x432;&#x430;</subfield>
    <subfield code="b">&#x415;. &#x410;.</subfield>
    <subfield code="g">&#x415;&#x43B;&#x435;&#x43D;&#x430; &#x410;&#x43D;&#x430;&#x442;&#x43E;&#x43B;&#x44C;&#x435;&#x432;&#x43D;&#x430;</subfield>
    <subfield code="4">070</subfield>
  </datafield>
  <datafield tag="701" ind1=" " ind2="1">
    <subfield code="a">&#x421;&#x430;&#x43B;&#x44C;&#x43A;&#x43E;&#x432;&#x430;</subfield>
    <subfield code="b">&#x415;. &#x411;.</subfield>
    <subfield code="g">&#x415;&#x43A;&#x430;&#x442;&#x435;&#x440;&#x438;&#x43D;&#x430; &#x411;&#x43E;&#x440;&#x438;&#x441;&#x43E;&#x432;&#x43D;&#x430;</subfield>
    <subfield code="4">070</subfield>
  </datafield>
  <datafield tag="790" ind1=" " ind2="1">
    <subfield code="6">z45</subfield>
    <subfield code="a">&#x41D;&#x438;&#x43A;&#x438;&#x444;&#x43E;&#x440;&#x43E;&#x432;&#x430;</subfield>
    <subfield code="b">&#x415;. &#x410;.</subfield>
    <subfield code="g">&#x415;&#x43B;&#x435;&#x43D;&#x430; &#x410;&#x43D;&#x430;&#x442;&#x43E;&#x43B;&#x44C;&#x435;&#x432;&#x43D;&#x430;</subfield>
    <subfield code="4">070</subfield>
  </datafield>
  <datafield tag="790" ind1=" " ind2="1">
    <subfield code="6">z45</subfield>
    <subfield code="a">&#x421;&#x430;&#x43B;&#x44C;&#x43A;&#x43E;&#x432;&#x430;</subfield>
    <subfield code="b">&#x415;. &#x411;.</subfield>
    <subfield code="g">&#x415;&#x43A;&#x430;&#x442;&#x435;&#x440;&#x438;&#x43D;&#x430; &#x411;&#x43E;&#x440;&#x438;&#x441;&#x43E;&#x432;&#x43D;&#x430;</subfield>
    <subfield code="4">070</subfield>
  </datafield>
  <datafield tag="801" ind1=" " ind2="0">
    <subfield code="a">RU</subfield>
    <subfield code="b">NLR</subfield>
    <subfield code="c">20080812</subfield>
    <subfield code="g">RCR</subfield>
  </datafield>
  <datafield tag="801" ind1=" " ind2="1">
    <subfield code="a">RU</subfield>
    <subfield code="b">NLR</subfield>
    <subfield code="c">20080812</subfield>
  </datafield>
  <datafield tag="942" ind1=" " ind2=" ">
    <subfield code="c">BOOK</subfield>
  </datafield>
  <datafield tag="980" ind1=" " ind2=" ">
    <subfield code="a">NB</subfield>
  </datafield>
  <datafield tag="995" ind1=" " ind2=" ">
    <subfield code="5">2008-08-12</subfield>
    <subfield code="a">ad</subfield>
    <subfield code="b">NLR01</subfield>
    <subfield code="c">NLR01</subfield>
    <subfield code="e">RF9</subfield>
    <subfield code="f">2731961</subfield>
    <subfield code="k">2008-3/23979</subfield>
    <subfield code="o">0</subfield>
    <subfield code="r">BOOK</subfield>
    <subfield code="s">2008323979_</subfield>
  </datafield>
  <datafield tag="995" ind1=" " ind2=" ">
    <subfield code="5">2008-08-12</subfield>
    <subfield code="a">ad</subfield>
    <subfield code="b">NLR01</subfield>
    <subfield code="c">NLR01</subfield>
    <subfield code="e">RF9</subfield>
    <subfield code="f">2731962</subfield>
    <subfield code="k">2008-3/23979</subfield>
    <subfield code="o">0</subfield>
    <subfield code="r">BOOK</subfield>
    <subfield code="s">2008323979_</subfield>
  </datafield>
</record>
